000 00681nam a22002177a 4500
005 20240530110428.0
008 150328s2009 ua g 000 0 ara d
017 _a2008/14731
_bمصر . دار الكتب المصرية
020 _a9789770924879
040 _aEG-CaGPL
082 0 4 _221
_a818.03\
_bن إ
100 0 _aنرمين نزار
245 1 0 _aاسكندرية - بيروت /
_cنرمين نزار
250 _aط2
260 _aالقاهرة :
_bدار الشروق ،
_c2009
300 _a175 ص ؛
_c20 سم
600 0 4 _aنرمين نزار
_vمذكرات
650 0 4 _aالمذكرات
942 _2ddc
_cBK
999 _c60794
_d60794